Pyrolysis of polymers. V 13 (Record no. 34809)

MARC details
000 -LEADER
fixed length control field 00297nam a2200121Ia 4500
082 ## - DEWEY DECIMAL CLASSIFICATION NUMBER
Classification number 028.2875
Item number HIL.13
245 #0 - TITLE STATEMENT
Title Pyrolysis of polymers. V 13
260 ## - PUBLICATION, DISTRIBUTION, ETC. (IMPRINT)
Place of publication New York
Name of publisher Technomic
Year of publication 1976
650 ## - SUBJECT ADDED ENTRY--TOPICAL TERM
Topical Term Pyrolysis
700 ## - ADDED ENTRY--PERSONAL NAME
Personal name Carlos J
942 ## - ADDED ENTRY ELEMENTS (KOHA)
Koha item type Books
Holdings
Withdrawn status Lost status Damaged status Not for loan Home library Current library Date acquired Cost, normal purchase price Full call number Accession Number Koha item type
        RRII Library RRII Library 16/12/2021 20.00 028.2875 HIL.13 15236 Books